000
00177nam a22000857a 4500
003
SGT
245
_a
THE AMERICAN JOURNAL OF PATHOLOGY
260
_a
USA
_b
ASIP
_c
2021
942
_2
ddc
_c
BV
999
_c
24445
_d
24445